00869nam a2200169Ia 4500003000900000008004100009020001800050040001600068080001600084111013400100245031200234260004200546300002300588650004100611650001700652700003000669IN-BaIIA211028s9999 xx 000 0 eng d a90-277-2046-0 cIIA Library a523.98bSZE aNATO Advanced Study institute on Stability of the Solar System and Its Minor Natural and Artificial BodiescItalyd1984 Aug. 6-18 0aStability of the Solar system and its minor natural and artificial bodiesbproceedings of the NATO Advanced Study Institute on stability of the Solar system and its minor natural and artificial bodies. Cortina d' Ampezzo,Italy, Aug 6-18, 1984cedited by Victor G. Szebehely  aDordrechtbD. Reidel Publishingc1985 a[various pagings.] aAstronomy and Astrophysics Thesaurus aSolar System aSzebehely, Victor G., ed.